000 00383 a2200157 4500
001 75003
020 _a9788508146901
040 _cAnchieta - Colégio São Paulo
100 _aDante, Luiz Roberto
240 1 0 _aProjeto Ápis: Matemática, 5º ano
_lpor
245 1 0 _aProjeto Ápis: Matemática, 5º ano
300 _a318
362 0 _a2011
650 4 _aMatemática
942 _cBK
999 _c75003
_d75003